=LDR 00000nam 2200000 4500 =001 INLIS000000000011660 =005 20130612103215 =008 ***********************************Ind** =035 ##$$0010-061300000011660 =041 ##$$a Ind =082 ##$$a 726.109 598 235 =090 ##$$a 726.109 598 235, Mur m =100 ##$$a Murcipto =245 ##$$a Mengenal candi jiva Prambanan dari dekat, Drs. Moertjipto =260 ##$$a 1993 $b Yogyakarta =300 ##$$a 78 hlm., ilus, 20 cm =650 ##$$a Candi Prambanan =850 ##$$a NBPNMAT